Visual Basic. Net : kỹ xảo lập trình /
Gorde:
| Egile nagusia: | |
|---|---|
| Formatua: | Liburua |
| Hizkuntza: | Vietnamese |
| Argitaratua: |
Phương Đông
2005
|
| Etiketak: |
Etiketa erantsi
Etiketarik gabe, Izan zaitez lehena erregistro honi etiketa jartzen!
|
| Thư viện lưu trữ: | Mạng thư viện Đại học Đà Nẵng |
|---|
| LEADER | 00656nam a2200265 4500 | ||
|---|---|---|---|
| 001 | 000028067 | ||
| 003 | PH-L | ||
| 005 | 20150403120000.0 | ||
| 008 | 150403s vm 000 vie | ||
| 020 | |c 0,0000 | ||
| 040 | |a notts | ||
| 100 | |a Phương Lan | ||
| 245 | |a Visual Basic. Net : kỹ xảo lập trình / |c PhươngLan chủ biên, Hoàng Đức Hải. | ||
| 260 | |b Phương Đông |c 2005 | ||
| OWN | |a LTT | ||
| 999 | |a From the UDN01 | ||
| TYP | |a Monograph | ||
| TYP | |a Printed language | ||
| 980 | |a Mạng thư viện Đại học Đà Nẵng | ||